000 00645cam a2200193 4500
001 J64341
008 000000n1971 000 0 eng u
035 _a(Sirsi) u112315
110 _aInstitute of Building Control
_93341
245 4 _aThe Institute of Building Control -weekend school 1971
260 _aEpsom
_bIBC
_c1971
300 _a50p. ; 30cm.
520 _aStored in basement. Fifth weekend school Lancaster University 2nd April -4th April 1971
650 _aIBC
650 _aINSTITUTE OF BUILDING CONTROL
650 _aPROFESSIONAL ASSOCIATIONS
690 _aMANAGEMENT-BUSINESS MANAGEMENT-PROFESSIONAL PRACTICE
942 _n0
999 _c101404
_d101404